| 000 | 00609nam a2200217Ia 4500 | ||
|---|---|---|---|
| 001 | 18335 | ||
| 003 | AR-BaAGN | ||
| 005 | 20231116141639.0 | ||
| 007 | ta | ||
| 008 | 211213m19411944ag |||||||||||||| ||spa d | ||
| 040 |
_dAR-BaAGN _aAR-BaAGN _bspa _eaacr |
||
| 110 |
_aComisión Nacional de Cultura. _bSección Antología Musical Argentina |
||
| 245 | 1 | 0 | _aAntología de compositores argentinos |
| 260 |
_aBuenos Aires : _bLa Comisión, _c1941-1944. |
||
| 300 |
_a8 volúmenes : _bil. |
||
| 336 |
_2rdacontent _btxt |
||
| 337 |
_2rdamedia _bn |
||
| 338 |
_2rdacarrier _bnc |
||
| 942 | _cLIBRO | ||
| 999 |
_c18335 _d18335 |
||